THE POWER OF HABIT (Record no. 23385)

MARC details
000 -LEADER
fixed length control field 00281nam a22001337a 4500
003 - CONTROL NUMBER IDENTIFIER
control field SGT
020 ## - INTERNATIONAL STANDARD BOOK NUMBER
International Standard Book Number 9781847946249
082 ## - DEWEY DECIMAL CLASSIFICATION NUMBER
Classification number 158.1
Item number DUH
100 ## - MAIN ENTRY--PERSONAL NAME
Personal name DUHIGG CHARLES
245 ## - TITLE STATEMENT
Title THE POWER OF HABIT
260 ## - PUBLICATION, DISTRIBUTION, ETC. (IMPRINT)
Name of publisher, distributor, etc RANDOM HOUSE
Year of Publication 2012
300 ## - PAGE DESCRIPTION
No. of Pages XX, 371
942 ## - ADDED ENTRY ELEMENTS (KOHA)
Source of classification or shelving scheme Dewey Decimal Classification
Koha item type Books
942 ## - ADDED ENTRY ELEMENTS (KOHA)
-- 3
Holdings
Withdrawn status Lost status Source of classification or shelving scheme Damaged status Not for loan Collection code Home library Current library Shelving location Date acquired Vendor Name Cost, normal purchase price SGTU Bill Number Total Checkouts Full call number Accession No. (Barcode) Date last seen Date last borrowed Bill Date Koha item type
    Dewey Decimal Classification     LAW SGT Science & Social Sciences Library SGT Science & Social Sciences Library Text Book 29/09/2022 COMMERCIAL BOOK HOUSE 599.00 SGTU 1331 3 158.1 DUH FL2952 25/01/2025 23/11/2024 08/09/2022 Books